000 00692nam a22002177a 4500
005 20240423092403.0
008 240423b ||||| |||| 00| 0 eng d
020 _a0884160084
040 _aBSOP
050 _aTX355
_bL64 1974
245 _aLet's talk about food :
_banswers to your questions about foods and nutrition /
_cedited by Philip L. White & Nancy Salvey.
260 _aActon, Massachusetts :
_bPublishing Sciences Group, Inc.,
_cc1974.
300 _a282p. :
_bills. ;
_c23cm.
504 _aIncludes index
650 _aFood -- Popular works. Nutrition
650 _aFood
650 _aNutrition
700 _aWhite, Philip L.
700 _aSalvey, Nancy
942 _2lcc
_cBK
999 _c52646
_d52646